MDQL
is popping MORE tags! Check the
thread
!
Quizzes
Events
Quiz Creation
Community
Videos
Private Events
Remove Ads
Sign In
Join for FREE
Feedback
Dark Mode
Quiz Categories
Sports
Geography
Music
Movies
Television
Just For Fun
Miscellaneous
History
Literature
Language
Science
Gaming
Entertainment
Religion
Holiday
For Kids
Quiz Lab
Recent
Popular Today
Quiz Kudos Today
Editor Picks
Curator Picks
Quizzes by...
Day
Popularity
Type
Ratings
Length
Year
Community
Subscriptions
Recent Discussions
Orange Saloon
Badges
Playlists
Quests
Create
Leaderboards
Showdown
Live 5
Trivia Bingo
Activity
Puzzle Library
Sporcle Events
Private Events
Virtual Trivia
Globe League
Become a Host
Pub Owners
SporcleCon
Opinionation
Our Games
Videos
Blog
Mobile Apps
Partnerships
Remove Ads and Go Orange
Feedback
Sports
Athletes
MLB
NBA
NHL
NFL
Soccer
Sports Teams
WWE
NCAA
Football
Premier League
Basketball
Baseball
Hockey
Golf
Tennis
Cricket
Rugby
Auto Racing
Olympics
World Cup
Sports
Athletes
MLB
NBA
NHL
NFL
Soccer
Sports Teams
WWE
NCAA
Football
Premier League
Basketball
Baseball
Hockey
Golf
Tennis
Cricket
Rugby
Auto Racing
Olympics
World Cup
Random Quiz
Search Sporcle
×
Quiz Lab
Quiz Lab
Sports
WWE
Type in answers that appear in a list
Type in answers that appear in a list
Classic
Best Score? Go Orange.
WWE Pay-Per-View Matches in 2008 (Part 2) Stats
Can you name the WWE Pay-Per-View Matches in 2008?
By
CenaRKO09
20m
88 Questions
351 Plays
351 Plays
351 Plays
Comments
Comments
Give Quiz Kudos
Give Quiz Kudos
-
- Ratings
hide this ad
Replay
Link that replays current quiz
Next Quiz
Link to next quiz in quiz playlist
You Got
0%
They Got
Avg Score
81%
Avg Friend Score
Upgrade to see
Score Distribution
Jump to the score distribution portion of the page
Score
0/88
Timer
20:00
0
Plays Today
Pay-Per-View
Wrestler
% Correct
No Mercy
Triple H
96.6%
Cyber Sunday
Triple H
96.6%
Survivor Series
Triple H
96.6%
Armageddon
Triple H
96.6%
No Mercy
Matt Hardy
95.4%
No Mercy
Rey Mysterio
95.4%
No Mercy
Kane
95.4%
No Mercy
Jeff Hardy
95.4%
Cyber Sunday
Rey Mysterio
95.4%
Cyber Sunday
Kane
95.4%
Cyber Sunday
Matt Hardy
95.4%
Cyber Sunday
Jeff Hardy
95.4%
Survivor Series
Rey Mysterio
95.4%
Survivor Series
Kane
95.4%
Survivor Series
Matt Hardy
95.4%
Survivor Series
John Cena
95.4%
Armageddon
Matt Hardy
95.4%
Armageddon
Rey Mysterio
95.4%
Armageddon
John Cena
95.4%
Armageddon
Jeff Hardy
95.4%
No Mercy
The Undertaker
95.2%
Cyber Sunday
The Undertaker
95.2%
Survivor Series
The Undertaker
95.2%
No Mercy
Batista
94.6%
Cyber Sunday
Batista
94.6%
Survivor Series
Batista
94.6%
Armageddon
Batista
94.6%
No Mercy
Chris Jericho
94%
Cyber Sunday
Chris Jericho
94%
Survivor Series
Chris Jericho
94%
Pay-Per-View
Wrestler
% Correct
Armageddon
Chris Jericho
94%
Survivor Series
Randy Orton
93.7%
Armageddon
Randy Orton
93.7%
Survivor Series
CM Punk
93.4%
Armageddon
CM Punk
93.4%
Survivor Series
Edge
93.2%
Armageddon
Edge
93.2%
No Mercy
Shawn Michaels
92.9%
Survivor Series
Shawn Michaels
92.9%
No Mercy
Mark Henry
88.9%
Survivor Series
Mark Henry
88.9%
Armageddon
Mark Henry
88.9%
No Mercy
The Big Show
87.5%
Cyber Sunday
The Big Show
87.5%
Survivor Series
The Big Show
87.5%
Cyber Sunday
John Morrison
86.9%
Survivor Series
John Morrison
86.9%
Cyber Sunday
The Miz
85.8%
Survivor Series
The Miz
85.8%
No Mercy
Beth Phoenix
84.6%
Survivor Series
Beth Phoenix
84.6%
Survivor Series
Mickie James
84.3%
Armageddon
Mickie James
84.3%
Armageddon
Finlay
81.8%
Survivor Series
Michelle McCool
78.9%
Armageddon
Michelle McCool
78.9%
Survivor Series
Kofi Kingston
76.6%
Survivor Series
Cody Rhodes
75.8%
Survivor Series
The Great Khali
75.5%
Survivor Series
Vladimir Kozlov
75.2%
Pay-Per-View
Wrestler
% Correct
Armageddon
Vladimir Kozlov
75.2%
Cyber Sunday
Santino Marella
69.8%
Survivor Series
Kelly Kelly
68.1%
Survivor Series
Shelton Benjamin
68.1%
Armageddon
Kelly Kelly
68.1%
Survivor Series
William Regal
67.2%
Cyber Sunday
JTG
66.1%
Survivor Series
JTG
66.1%
No Mercy
John Bradshaw Layfield
65.2%
Survivor Series
John Bradshaw Layfield
65.2%
Survivor Series
Maryse
65.2%
Armageddon
Maryse
65.2%
Cyber Sunday
Shad Gaspard
63%
Survivor Series
Shad Gaspard
63%
Survivor Series
Montel Vontavious Porter
61.5%
Survivor Series
Maria
61.5%
Armageddon
Maria
61.5%
No Mercy
Candice Michelle
59.8%
Survivor Series
Candice Michelle
59.8%
Cyber Sunday
Evan Bourne
59.3%
Survivor Series
Natalya
55.8%
Armageddon
Natalya
55.8%
Survivor Series
Victoria
54.7%
Armageddon
Victoria
54.7%
Survivor Series
Jillian Hall
54.1%
Armageddon
Jillian Hall
54.1%
Survivor Series
R-Truth
52.7%
Cyber Sunday
The Honky Tonk Man
50.7%
Quiz Playlist
Details
Report
Send in Message
Add To Playlist
Classic:
Type in answers that appear in a list
Last Updated: Feb 16, 2017
Quiz Scoreboard
CHALLENGE
Sign Up to Join the Scoreboard
Show All
Scores
Hide
Comments
May contain spoilers
Recently Published
Find the 'City' Movie
by crazypaving
Movies
60s
5x2 Blitz: Bands
by SL_Kpop136
Music
30s
Colored Red Africa Blitz
by spor1
Geography
30s
More to Explore
Quiz From the Vault
Featured Blog Post
14 Easter Pick-up Lines to Find Eggs With
hide this ad
You Might Also Like...
Tags
WWE Quiz
2008
Matching
Pay-per-view
Wrestlers
Today's Top Quizzes in Sports
Browse Sports
hide this ad
Today's Top Quizzes in WWE
Browse WWE
Top Contributed Quizzes in Sports
1
Players with Multiple 50 Home Run Seasons
2
Les entraîneurs de l'OM et du PSG au 21e siècle
3
Criteria MLB: Left Handed Sluggers
4
2022 World Cup Stars
5
Les meilleurs buteurs des matchs entre le PSG et l’OM
6
Who Hit More Homers?
7
Les joueurs passés par le PSG et l'OM
8
NBA Logic Puzzle 2.0
9
Top 10 NHL Goal Scorers of All Time
10
MLB Players with Two .350 Batting Average Seasons
Explore More
Trending Topics
Marvel
Kpop
Harry Potter
Disney
NBA
Crossword
Anime
Puzzle
Pokémon
NFL
Country
Song
The Office
Soccer
WWE
hide this ad
More By:
CenaRKO09
Quiz
Plays
Rating
Category
Featured
Created
WWF Pay-Per-View Matches in 2001 (Part 1)
1,322
2.88
Sports
Dec 17, 2009
WWF Pay-Per-View Matches in 2000 (Part 1)
1,026
2.00
Sports
Dec 17, 2009
WWE Pay-Per-View Matches in 2002 (Part 2)
729
3.25
Sports
Dec 18, 2009
WWE Pay-Per-View Matches in 2003 (Part 1)
724
2.50
Sports
Dec 18, 2009
WWE Pay-Per-View Matches in 2009 (Part 1)
717
3.40
Sports
Feb 15, 2010
Go to Creator's Profile
Score Distribution
Quiz Creator Spotlight
CenaRKO09
Follow
Send a Message
Quizzes Created
-
Created Quiz Play Count
-
More By This Creator
Popular Quizzes Today
1
Colored Red Africa Blitz
2
Find the US States - No Outlines Minefield
3
Find the 'City' Movie
4
5x2 Blitz: Bands
5
The Countries of the World
6
Find the US States
7
US States
8
9x9 Crossword: Cartoon Network
More Sports Quizzes
Mystery Team: NHL I
Curator's Pick
Trending Quizzes
Colored Red Europe Blitz I
Colored Red Europe Blitz II
Colored Red Africa Blitz II
Colored Red Africa Blitz III
Colored Red Europe Blitz III
Recently Updated
Godzilla Movies
pecheneg
Grab Bag: 4-10 Letters
pecheneg
2024 March Madness Bracket
pecheneg
Famous TV Couples
Peacemaker
Champions League XIs: Real Madrid
pecheneg
Largest US Cities 1790-2010
pecheneg
Rides in Walt Disney World
pecheneg
Most Oscar Losses (Acting)
pecheneg
Beyoncé Albums
pecheneg
Leaping Animals
pecheneg
Trending Topics
Anime
Disney
NBA
Harry Potter
Kpop
Crossword
Marvel
The Office
WWE
Song
NFL
Soccer
Country
Pokémon
Puzzle
Your Account Isn't Verified!
In order to create a playlist on Sporcle, you need to verify the email address you used during registration. Go to your
Sporcle Settings
to finish the process.
Report this User
Report this user for behavior that violates our
Community Guidelines
.
Details:
Send Report
Go to the Sporcle.com Mobile Site →
Comments